| 000 | 00355nam a22001577a 4500 | ||
|---|---|---|---|
| 003 | OSt | ||
| 008 | 250503b |||||||| |||| 00| 0 eng d | ||
| 020 | _a9788195326402 | ||
| 100 | _aSWAMI,Mahatma Naryan | ||
| 245 | _aVed Rehsya | ||
| 250 | _a23th | ||
| 260 |
_aNew Delhi _bArya Prakashan _c2023 |
||
| 300 | _a242 | ||
| 650 | _aGeneral | ||
| 942 |
_2ddc _cBK |
||
| 999 |
_c13503 _d13502 |
||